| 000 | 01465nam a2200361 c 4500 | ||
|---|---|---|---|
| 003 | BLK | ||
| 005 | 20241028135720.0 | ||
| 008 | 180408b bul|||||r ||||||| ||bul|| | ||
| 010 | _aKNG00097998000 | ||
| 020 |
_a978-954-320-154-9 _bиздат.: Рива |
||
| 040 | _aBLK | ||
| 041 |
_aBUL _cBUL |
||
| 072 | 7 |
_2bullib _aН84 _xБългарска художествена литература Н |
|
| 080 |
_aАвстрийска литература _b821.112(436) _x-31 _z821.112(436)-31 |
||
| 080 |
_aБългарска литература _b821.163.2 _x-054.7-31 _z821.163.2-054.7-31 |
||
| 100 | 1 |
_aДинев, Димитър _eпърви автор _9290746 |
|
| 700 | 1 |
_aФъркова, Гергана Иванова _9262367 |
|
| 139 |
_aДинев, Димитър _bД 62 |
||
| 245 | 1 | 0 |
_aСветлинка над главата _bРоман _cДимитър Динев; прев. от нем. Гергана Иванова Фъркова. |
| 257 | _aAUT | ||
| 260 |
_аСофия _bРива _c2008 _fВ. Търново : Абагар |
||
| 300 |
_a208 с. _c20 см |
||
| 380 | _aX | ||
| 500 | _aОриг. загл. Ein Licht uber dem Kopf / Dimitre Dinev. - Съдържа и За авт. | ||
| 653 | _aромани | ||
| 659 | _aН | ||
| 852 | _aЦб 249776 | ||
| 856 | 4 |
_qpdf _u |
|
| 856 | 4 |
_qpdf _u |
|
| 942 |
_cKNG _n0 _03 |
||
| 944 |
_aCR _c10.11.2010 _lЦветелина Шанова _k30531 |
||
| 944 |
_aED _c18.06.2014 _lф / _k |
||
| 999 |
_c93206 _d93206 |
||